مكتبة جامعة عجلون الوطنية

فهرس بحث المكتبة

Normal view MARC view
  • تأليف ابي الطيب المتنبي؛ ضبطة وصححه ووضع فهارسه: مصطفى السقا، ابراهيم الابياري، عبدالحفيظ شلبي

Entry Personal Name

Number of records used in: 1

001 - CONTROL NUMBER

  • control field: 59386

003 - CONTROL NUMBER IDENTIFIER

  • control field: JO-AjAnu

005 - DATE AND TIME OF LATEST TRANSACTION

  • control field: 20230606083718.0

008 - FIXED-LENGTH DATA ELEMENTS

  • fixed length control field: 230606|| aca||aabn | a|a d

040 ## - CATALOGING SOURCE

  • Original cataloging agency: JO-AjAnu
  • Transcribing agency: JO-AjAnu

100 ## - HEADING--PERSONAL NAME

  • Personal name: تأليف ابي الطيب المتنبي؛ ضبطة وصححه ووضع فهارسه: مصطفى السقا، ابراهيم الابياري، عبدالحفيظ شلبي

670 ## - SOURCE DATA FOUND

  • Source citation: Work cat.: (JO-AjAnu)30289: تأليف ابي الطيب المتنبي؛ ضبطة وصححه ووضع فهارسه: مصطفى السقا، ابراهيم الابياري، عبدالحفيظ شلبي, author, ديوان ابي الطيب المتنبي بشرح ابي البقاء العكبري، المسمى، بالتبيان في شرح الديوان، ج1-2